000 00613nam a22002057a 4500
999 _c11540
_d11540
003 AR-CdUCM
008 190404b ||||| |||| 00| 0 spa d
040 _aMUNICIPALIDAD PROVINCIAL DEL CUSCO
_cBIBLIOTECA MUNICIPAL DEL CUSCO
082 _aC / 869.56 /
_bC48P
100 _aCéspedes E. Suárez, Benigno
_928956
245 _aPuquial :
_bpoemario /
260 _aCusco :
_bGarcilaso,
_c1959.
300 _a55 páginas ;
_c21 cm.
505 _aContenido: Poemas.
650 _aLiteratura Peruana
_9132
650 _aPoemas Cusqueños
_917375
650 _aSiglo XX
_98
942 _2ddc
_cLIBROS
945 _aachl